[Event "Titled Tuesday 30th June"]
[Site "chess.com INT"]
[Date "2020.06.30"]
[Round "10"]
[White "Karthikeyan, M2.."]
[Black "Gadimbayli, Abdulla"]
[Result "1-0"]
[WhiteElo "2606"]
[BlackElo "2470"]
[PlyCount "79"]
[EventDate "2020.06.30"]
[EventType "swiss (blitz)"]
[EventRounds "10"]
[SourceTitle "Updates"]
[Source "OMCORR"]
[SourceDate "2020.11.02"]
[SourceVersion "1"]
[SourceVersionDate "2020.11.02"]
[SourceQuality "1"]

1. e4 e5 2. Nf3 d5 3. Nxe5 Bd6 4. d4 dxe4 5. Nc3 Bxe5 6. dxe5 Qxd1+ 7. Kxd1 Nc6
8. Bf4 Nge7 9. Nxe4 Bf5 10. Ng3 O-O-O+ 11. Kc1 Be6 12. Bb5 h6 13. Re1 a6 14.
Bd3 Nb4 15. Be4 Nbc6 16. b3 Rd7 17. Kb2 Rhd8 18. Nh5 g5 19. Be3 Nd5 20. Nf6
Nxf6 21. exf6 Bd5 22. Bf5 Be6 23. Bxe6 fxe6 24. h4 gxh4 25. Bxh6 Rf7 26. Bg7 e5
27. Re4 Rd2 28. Rxh4 Rxf2 29. g4 Nd4 30. Rc1 Ne6 31. Rd1 b6 32. Rh8+ Kb7 33.
Rg8 Rg2 34. Bh8 Nd4 35. g5 Nxc2 36. g6 Ne3+ 37. Kc1 Rxf6 38. Bxf6 Rc2+ 39. Kb1
Rf2 40. Bh4 1-0

[Event "Titled Tuesday 30th June"]
[Site "chess.com INT"]
[Date "2020.06.30"]
[Round "10"]
[White "Meissner, F.."]
[Black "Mikhailovsky, Vladimir"]
[Result "0-1"]
[WhiteElo "2362"]
[BlackElo "2228"]
[PlyCount "92"]
[EventDate "2020.06.30"]
[EventType "swiss (blitz)"]
[EventRounds "10"]
[SourceTitle "Updates"]
[Source "OMCORR"]
[SourceDate "2020.11.02"]
[SourceVersion "1"]
[SourceVersionDate "2020.11.02"]
[SourceQuality "1"]

1. e4 e5 2. Nf3 d5 3. exd5 e4 4. Nd4 Qxd5 5. Nb3 Nf6 6. Nc3 Qe5 7. Be2 Bd6 8.
h3 O-O 9. d4 exd3 10. Qxd3 Nc6 11. f4 Qe7 12. O-O Nb4 13. Qd1 Bf5 14. Nd4 Bc5
15. Kh1 Bxd4 16. Qxd4 Nxc2 17. Qe5 Qxe5 18. fxe5 Bg6 19. exf6 Nxa1 20. Bg5 Nc2
21. Nd5 Rfe8 22. Bf3 h6 23. Bh4 Ne3 24. Nxe3 Rxe3 25. Bxb7 Rb8 26. Bd5 Rxb2 27.
fxg7 Rb1 28. Rxb1 Bxb1 29. Bf2 Re2 30. Bxa7 Bxa2 31. Bf3 Re1+ 32. Kh2 Kxg7 33.
Bd4+ Kh7 34. Kg3 Bb1 35. Kf4 Rc1 36. Be3 Rc4+ 37. Ke5 Bg6 38. Bd5 Rc2 39. h4 h5
40. Kf6 c5 41. Ke5 c4 42. Kd4 c3 43. Bb3 Rxg2 44. Kxc3 Rg3 45. Kd2 Rh3 46. Bg5
Rxb3 0-1

[Event "Titled Tuesday 18th Jan"]
[Site "chess.com INT"]
[Date "2020.06.30"]
[Round "?"]
[White "AGMJoseMF"]
[Black "AGMPraveenSagar"]
[Result "1/2-1/2"]
[WhiteElo "2051"]
[BlackElo "2386"]
[PlyCount "86"]
[EventDate "2022.01.18"]
[EventType "swiss (blitz)"]
[EventRounds "11"]

1. e4 e5 2. Nf3 d5 3. Nxe5 Bd6 4. d4 dxe4 5. Nc4 Nf6 6. Bg5 O-O 7. Nc3 Be7 8.
Qd2 Nc6 9. O-O-O Bg4 10. Be2 Bxe2 11. Qxe2 Nxd4 12. Qd2 c5 13. Bxf6 Bxf6 14.
Nxe4 Qe7 15. Rhe1 b5 16. Na5 Rfd8 17. Qe3 Rac8 18. Kb1 b4 19. Nc4 g6 20. g4 h6
21. f4 Bh4 22. Rf1 Rd5 23. c3 Re8 24. Ne5 bxc3 25. Qxc3 Rb8 26. Rd2 Nb5 27. Qe3
Rxd2 28. Qxd2 Na3+ 29. Ka1 Nc4 30. Qc3 Nxe5 31. fxe5 Qb7 32. Qc2 Qd5 33. Nd6
Rf8 34. Nc4 Rd8 35. Qe2 Qd3 36. Qxd3 Rxd3 37. Kb1 Rd4 38. Nd6 f6 39. Nb5 Rxg4
40. exf6 Ra4 41. f7+ Kf8 42. b3 Ra6 43. a4 Bf6 1/2-1/2

[Event "Women's Speed Chess Q2"]
[Site "chess.com INT"]
[Date "2020.06.19"]
[Round "4"]
[White "Demchenko, Svitlana"]
[Black "Mukhina, Jana"]
[Result "0-1"]
[WhiteElo "2071"]
[BlackElo "2068"]
[PlyCount "34"]
[EventDate "2020.06.19"]
[EventType "swiss (blitz)"]
[EventRounds "13"]
[SourceTitle "The Week in Chess 1337"]
[Source "Mark Crowther"]
[SourceDate "2020.06.22"]
[SourceVersion "1"]
[SourceVersionDate "2020.06.26"]
[SourceQuality "2"]

1. e4 e5 2. Nf3 d5 3. Nxe5 dxe4 4. d4 Nd7 5. Nxd7 Qxd7 6. Bc4 b5 7. Bb3 c5 8.
Be3 c4 9. O-O cxb3 10. cxb3 Nf6 11. Nc3 Bd6 12. Qe2 b4 13. Na4 O-O 14. Rad1 Qg4
15. Qd2 Qh5 16. g3 Bh3 17. Rfe1 Qf3 0-1

[Event "Women's Speed Chess Q1"]
[Site "chess.com INT"]
[Date "2020.06.18"]
[Round "5"]
[White "Sharmin, S.."]
[Black "Mukhina, Jana"]
[Result "0-1"]
[WhiteElo "1812"]
[BlackElo "2068"]
[PlyCount "80"]
[EventDate "2020.06.18"]
[EventType "swiss (blitz)"]
[EventRounds "9"]
[SourceTitle "Updates"]
[Source "OMCORR"]
[SourceDate "2020.11.02"]
[SourceVersion "1"]
[SourceVersionDate "2020.11.02"]
[SourceQuality "1"]

1. e4 e5 2. Nf3 d5 3. exd5 e4 4. Qe2 Nf6 5. Nc3 Be7 6. Nxe4 O-O 7. d3 Qxd5 8.
Bd2 Bf5 9. Nc3 Qd8 10. O-O-O Nc6 11. h3 Bc5 12. g4 Be6 13. Bg2 Nd4 14. Nxd4
Bxd4 15. g5 Nd5 16. Ne4 a5 17. f4 a4 18. a3 b5 19. c3 c5 20. cxd4 cxd4 21. Kb1
b4 22. Rc1 bxa3 23. bxa3 Rb8+ 24. Bb4 Nxb4 25. axb4 Rxb4+ 26. Ka1 Rb3 27. Rc2
Qb8 28. Rb2 Ra3+ 29. Kb1 Ba2+ 30. Kc1 Rc8+ 31. Kd1 Bb3+ 32. Ke1 Ra1+ 33. Kf2
Rxh1 34. Bxh1 a3 35. Ra2 Qxf4+ 36. Kg2 Bxa2 37. Qxa2 Qc1 38. Nf2 Qb2 39. Qd5 a2
40. Qd7 Rf8 0-1

[Event "Women's Speed Chess Q1"]
[Site "chess.com INT"]
[Date "2020.06.18"]
[Round "1"]
[White "Kubicka, Anna"]
[Black "Mukhina, Jana"]
[Result "1-0"]
[WhiteElo "2256"]
[BlackElo "2068"]
[PlyCount "117"]
[EventDate "2020.06.18"]
[EventType "swiss (blitz)"]
[EventRounds "9"]
[SourceTitle "The Week in Chess 1337"]
[Source "Mark Crowther"]
[SourceDate "2020.06.22"]
[SourceVersion "1"]
[SourceVersionDate "2020.06.26"]
[SourceQuality "2"]

1. e4 e5 2. Nf3 d5 3. Nc3 d4 4. Ne2 Bd6 5. d3 Ne7 6. g3 O-O 7. Bg2 c5 8. O-O
Nbc6 9. c3 f6 10. cxd4 cxd4 11. Nd2 Kh8 12. Nc4 Bb8 13. a4 Be6 14. b3 Bc7 15.
f4 a6 16. f5 Bg8 17. g4 b5 18. axb5 axb5 19. Rxa8 Qxa8 20. Nd2 Nb4 21. Nf3 Qa2
22. Ne1 Bxb3 23. Qd2 Bd6 24. g5 Qxd2 25. Bxd2 Nc2 26. gxf6 gxf6 27. Nf3 Ra8 28.
Rb1 Ra1 29. Rxa1 Nxa1 30. Ng3 Bc2 31. Nh5 b4 32. Nxf6 b3 33. Bc1 Bxd3 34. Ne8
Nc8 35. Nxd6 Nxd6 36. Nxe5 Bxe4 37. Bxe4 Nxe4 38. Kg2 d3 39. Nxd3 Kg7 40. Bb2+
Kf7 41. Bxa1 Nd6 42. Ne5+ Ke7 43. Nc6+ Kd7 44. Nd4 Ke8 45. Kf3 Kf7 46. Kf4 Nc4
47. Nxb3 Na3 48. Bd4 Nc2 49. Bc5 Ne1 50. Nc1 Nd3+ 51. Nxd3 h5 52. Ne5+ Kg8 53.
Kg5 Kh7 54. f6 h4 55. f7 h3 56. Kf6 Kh6 57. f8=Q+ Kh5 58. Qg8 Kh6 59. Qg6# 1-0

[Event "Titled Tuesday 16th June"]
[Site "chess.com INT"]
[Date "2020.06.16"]
[Round "9"]
[White "Arjun, Kalyan"]
[Black "Gadimbayli, Abdulla"]
[Result "0-1"]
[WhiteElo "2477"]
[BlackElo "2470"]
[PlyCount "46"]
[EventDate "2020.06.16"]
[EventType "swiss (blitz)"]
[EventRounds "10"]
[SourceTitle "The Week in Chess 1337"]
[Source "Mark Crowther"]
[SourceDate "2020.06.22"]
[SourceVersion "1"]
[SourceVersionDate "2020.06.26"]
[SourceQuality "2"]

1. e4 e5 2. Nf3 d5 3. exd5 e4 4. Qe2 Nf6 5. Nc3 Be7 6. Nxe4 O-O 7. d3 Nxd5 8.
c4 Nb4 9. a3 N4c6 10. Be3 f5 11. Nc3 f4 12. Bd2 Bg4 13. Qe4 Bxf3 14. gxf3 Nd4
15. O-O-O c6 16. Bh3 Na6 17. b4 Bxb4 18. axb4 Nxb4 19. Nb1 Nb3+ 20. Kb2 Nxd3+
21. Kc3 Nbc5 22. Qd4 Qa5+ 23. Kc2 Qa4+ 0-1

[Event "Titled Tuesday 16th June"]
[Site "chess.com INT"]
[Date "2020.06.16"]
[Round "7"]
[White "Bartel, Mat"]
[Black "Gadimbayli, Abdulla"]
[Result "1/2-1/2"]
[WhiteElo "2648"]
[BlackElo "2470"]
[PlyCount "90"]
[EventDate "2020.06.16"]
[EventType "swiss (blitz)"]
[EventRounds "10"]
[SourceTitle "The Week in Chess 1337"]
[Source "Mark Crowther"]
[SourceDate "2020.06.22"]
[SourceVersion "1"]
[SourceVersionDate "2020.06.26"]
[SourceQuality "2"]

1. e4 e5 2. Nf3 d5 3. Nxe5 Bd6 4. d4 dxe4 5. Nc4 Nf6 6. Bg5 O-O 7. Be2 Nc6 8.
c3 h6 9. Bh4 Bf5 10. Nbd2 Be7 11. Ne3 Bh7 12. O-O Re8 13. b4 Nd5 14. Bxe7 Ncxe7
15. Qb3 Nxe3 16. fxe3 Nd5 17. Bc4 Nxe3 18. Bxf7+ Kh8 19. Bxe8 Nxf1 20. Nxf1
Qxe8 21. Ne3 Qh5 22. Qd1 Qb5 23. Qd2 a5 24. a4 Qd3 25. Qxd3 exd3 26. b5 g5 27.
Kf2 Re8 28. Ra2 Be4 29. Rd2 b6 30. Nc4 Bd5 31. Nb2 Kg7 32. c4 Bg8 33. Rxd3 Re4
34. d5 Kf6 35. d6 cxd6 36. Rxd6+ Ke5 37. Rxb6 Bxc4 38. Nxc4+ Rxc4 39. Rxh6 Rxa4
40. Rg6 Kf5 41. Ra6 Ra2+ 42. Kf3 Ra3+ 43. Kf2 Ra2+ 44. Kg3 Ra3+ 45. Kf2 Ra2+
1/2-1/2

[Event "Titled Tuesday 2nd June"]
[Site "chess.com INT"]
[Date "2020.06.02"]
[Round "10"]
[White "Tamarozi, Isabelle"]
[Black "Christensen, Thom2"]
[Result "1-0"]
[WhiteElo "1981"]
[BlackElo "2143"]
[PlyCount "87"]
[EventDate "2020.06.02"]
[EventType "swiss (blitz)"]
[EventRounds "10"]
[SourceTitle "Updates"]
[Source "OMCORR"]
[SourceDate "2020.11.02"]
[SourceVersion "1"]
[SourceVersionDate "2020.11.02"]
[SourceQuality "1"]

1. e4 e5 2. Nf3 d5 3. d4 dxe4 4. Nxe5 Bd6 5. Nc3 Bxe5 6. dxe5 Qxd1+ 7. Kxd1 Nc6
8. Bb5 Bg4+ 9. Ke1 Nge7 10. Nxe4 O-O-O 11. Bg5 Rd4 12. f3 Bf5 13. Rd1 Rxd1+ 14.
Kxd1 Bxe4 15. fxe4 Ng6 16. Bxc6 bxc6 17. Rf1 Nxe5 18. Ke2 f6 19. Be3 a6 20. b3
Re8 21. Rd1 Nf7 22. Kf3 Nd6 23. Rd4 Kb7 24. Rb4+ Kc8 25. Ra4 Kd7 26. Rxa6 Nxe4
27. Ra7 Nc3 28. a4 g5 29. a5 Nb5 30. Rb7 Ra8 31. c4 Kc8 32. a6 Nd6 33. Ra7 Rb8
34. Kg4 Rxb3 35. Bd4 f5+ 36. Kxg5 Nxc4 37. Ra8+ Rb8 38. Rxb8+ Kxb8 39. Kxf5
Nd6+ 40. Ke6 Nb5 41. Bc5 Nc3 42. Kf7 Ne4 43. Kg7 Nxc5 44. Kxh7 1-0

[Event "Iberoamericano Chess24"]
[Site "chess24.com INT"]
[Date "2020.06.01"]
[Round "1.4"]
[White "Shirov, A.."]
[Black "Fluvia Poyatos, Jor"]
[Result "1-0"]
[WhiteElo "2647"]
[BlackElo "2461"]
[PlyCount "53"]
[EventDate "2020.06.01"]
[EventType "k.o. (blitz)"]
[EventRounds "6"]
[SourceTitle "Updates"]
[Source "OMCORR"]
[SourceDate "2020.11.02"]
[SourceVersion "1"]
[SourceVersionDate "2020.11.02"]
[SourceQuality "1"]

1. e4 e5 2. Nf3 d5 3. exd5 e4 4. Qe2 Nf6 5. Nc3 Be7 6. Nxe4 Nxd5 7. g3 O-O 8.
Bg2 Re8 9. O-O Bf8 10. Qc4 Nb6 11. Qd4 Bd7 12. d3 Nc6 13. Qc3 Bb4 14. Qb3 Bg4
15. Nfg5 Re7 16. Nxf7 Rxf7 17. Ng5 Bh5 18. Bxc6 bxc6 19. Nxf7 Bxf7 20. Qxb4 Qf6
21. Qf4 Qg6 22. Bd2 Rf8 23. Qg5 Qd6 24. Bc3 Bg6 25. Rae1 Nd5 26. Qe5 Qd7 27.
Qe6+ 1-0

[Event "Iberoamericano Chess24"]
[Site "chess24.com INT"]
[Date "2020.06.01"]
[Round "1.2"]
[White "Shirov, A.."]
[Black "Fluvia Poyatos, Jor"]
[Result "0-1"]
[WhiteElo "2647"]
[BlackElo "2461"]
[PlyCount "68"]
[EventDate "2020.06.01"]
[EventType "k.o. (blitz)"]
[EventRounds "6"]
[SourceTitle "Updates"]
[Source "OMCORR"]
[SourceDate "2020.11.02"]
[SourceVersion "1"]
[SourceVersionDate "2020.11.02"]
[SourceQuality "1"]

1. e4 e5 2. Nf3 d5 3. exd5 e4 4. Qe2 Nf6 5. Nc3 Be7 6. Nxe4 Nxd5 7. g3 O-O 8.
Bg2 Re8 9. O-O Bf8 10. Qc4 b5 11. Qd3 Bf5 12. Nh4 Be6 13. Qxb5 c6 14. Qa4 Nd7
15. d3 Nb4 16. c3 Nb6 17. Qd1 Nxd3 18. Ng5 Nxc1 19. Qxc1 Bd5 20. Rd1 Qf6 21.
Bxd5 cxd5 22. Ngf3 Re2 23. Rd2 Rae8 24. Qd1 R2e4 25. Rd4 Bc5 26. Rd2 g5 27. Ng2
Nc4 28. Rxd5 Bxf2+ 29. Kxf2 g4 30. Nf4 gxf3 31. Qxf3 Ne3 32. Rd3 Qb6 33. Re1
Nc2+ 34. Ree3 Nxe3 0-1

[Event "Euro Online U2300 Day 2"]
[Site "chess.com INT"]
[Date "2020.05.26"]
[Round "3"]
[White "Slizunkov, Dmitry"]
[Black "Gadimbayli, Abdulla"]
[Result "0-1"]
[WhiteElo "2120"]
[BlackElo "2470"]
[PlyCount "66"]
[EventDate "2020.05.26"]
[EventType "swiss (rapid)"]
[EventRounds "8"]
[SourceTitle "The Week in Chess 1334"]
[Source "Mark Crowther"]
[SourceDate "2020.06.01"]
[SourceVersion "1"]
[SourceVersionDate "2020.06.01"]
[SourceQuality "2"]

1. e4 e5 2. Nf3 d5 3. Nxe5 Bd6 4. d4 dxe4 5. Be2 Bxe5 6. dxe5 Qxd1+ 7. Bxd1 Nc6
8. Nc3 Bf5 9. Bf4 Nge7 10. e6 Bxe6 11. Bxc7 f5 12. Be2 Rc8 13. Bf4 Nd4 14. Bh5+
g6 15. Bd1 Kf7 16. Be5 Rhd8 17. Bxd4 Rxd4 18. Ne2 Rdd8 19. c3 g5 20. h4 h6 21.
hxg5 hxg5 22. Bb3 Rh8 23. Kd2 Nc6 24. f4 exf3 25. gxf3 f4 26. Rag1 Bxb3 27.
axb3 Kf6 28. c4 Ne5 29. Nd4 Rhd8 30. Kc3 Rxd4 31. Kxd4 Nxf3+ 32. Ke4 Nxg1 33.
Rxg1 Re8+ 0-1

[Event "Euro Online U2300 Day 2"]
[Site "chess.com INT"]
[Date "2020.05.26"]
[Round "1"]
[White "Ristic, Nen"]
[Black "Gadimbayli, Abdulla"]
[Result "0-1"]
[WhiteElo "2332"]
[BlackElo "2470"]
[PlyCount "98"]
[EventDate "2020.05.26"]
[EventType "swiss (rapid)"]
[EventRounds "8"]
[SourceTitle "The Week in Chess 1334"]
[Source "Mark Crowther"]
[SourceDate "2020.06.01"]
[SourceVersion "1"]
[SourceVersionDate "2020.06.01"]
[SourceQuality "2"]

1. e4 e5 2. Nf3 d5 3. Nxe5 Bd6 4. d4 dxe4 5. Nc4 Nf6 6. Bg5 O-O 7. Nxd6 Qxd6 8.
Nc3 Nc6 9. Nb5 Qe7 10. Be2 a6 11. Nc3 Rd8 12. d5 Bf5 13. O-O h6 14. Bh4 Ne5 15.
Qc1 g5 16. Bg3 Nxd5 17. Nxd5 Rxd5 18. h4 Rad8 19. hxg5 hxg5 20. Qe3 Nc6 21. c3
Bg6 22. Rad1 Rxd1 23. Rxd1 Rxd1+ 24. Bxd1 f5 25. f4 exf3 26. Qxf3 f4 27. Bf2
Qe4 28. Qg4 Qf5 29. Qe2 Qe5 30. Qg4 Qf5 31. Qe2 Qd3 32. Qg4 Kg7 33. Bb3 Qf5 34.
Qe2 Qe4 35. Qg4 Qb1+ 36. Kh2 Qf5 37. Qe2 g4 38. g3 f3 39. Qc4 Bf7 40. Bd4+ Kg6
41. Qf1 Bxb3 42. axb3 Nxd4 43. cxd4 Qc2+ 44. Kg1 Kf5 45. d5 b6 46. b4 b5 47.
Kh1 Qe2 48. Qb1+ Ke5 49. Qg1 f2 0-1

[Event "Euro Online U2300 Day 1"]
[Site "chess.com INT"]
[Date "2020.05.25"]
[Round "6"]
[White "Patrelakis, Evaggelos"]
[Black "Gadimbayli, Abdulla"]
[Result "0-1"]
[WhiteElo "2259"]
[BlackElo "2470"]
[PlyCount "98"]
[EventDate "2020.05.25"]
[EventType "swiss (rapid)"]
[EventRounds "7"]
[SourceTitle "The Week in Chess 1334"]
[Source "Mark Crowther"]
[SourceDate "2020.06.01"]
[SourceVersion "1"]
[SourceVersionDate "2020.06.01"]
[SourceQuality "2"]

1. e4 e5 2. Nf3 d5 3. exd5 e4 4. Nd4 Qxd5 5. Nb3 Nf6 6. Nc3 Qe5 7. Be2 Nc6 8.
d4 exd3 9. cxd3 Be6 10. d4 Bxb3 11. dxe5 Bxd1 12. exf6 Bxe2 13. fxg7 Bxg7 14.
Nxe2 O-O-O 15. O-O Rhe8 16. Ng3 Nd4 17. Be3 Nc2 18. Rac1 Nxe3 19. fxe3 Bxb2 20.
Rc2 Be5 21. Rxf7 Rf8 22. Rxf8 Rxf8 23. Ne2 b6 24. g3 c5 25. Nf4 Kb7 26. Kf2 Kc6
27. Kf3 b5 28. Ke4 Re8 29. Kf5 c4 30. Ne6 Bh8 31. e4 c3 32. e5 b4 33. g4 a5 34.
h4 Re7 35. g5 a4 36. a3 Kd5 37. Nf4+ Kd4 38. axb4 Rxe5+ 39. Kg4 Kc4 40. h5 Re8
41. h6 Kb3 42. Rg2 c2 43. Nd3 a3 44. Kf5 Rc8 45. Nc1+ Kb2 46. Nd3+ Kc3 47. Nc1
a2 48. Nxa2+ Kb2 49. g6 hxg6+ 0-1

[Event "Titled Tuesday 19th May"]
[Site "chess.com INT"]
[Date "2020.05.19"]
[Round "7"]
[White "Gatineau, Yovann"]
[Black "Christensen, Thom2"]
[Result "0-1"]
[WhiteElo "2423"]
[BlackElo "2143"]
[PlyCount "96"]
[EventDate "2020.05.19"]
[EventType "swiss (blitz)"]
[EventRounds "10"]
[SourceTitle "The Week in Chess 1333"]
[Source "Mark Crowther"]
[SourceDate "2020.05.25"]
[SourceVersion "1"]
[SourceVersionDate "2020.05.25"]
[SourceQuality "2"]

1. e4 e5 2. Nf3 d5 3. Nxe5 Bd6 4. d4 dxe4 5. Nc4 Ne7 6. Nc3 f5 7. Nxd6+ cxd6 8.
Qh5+ Ng6 9. Bc4 Nc6 10. Bg5 Nce7 11. O-O-O Qd7 12. Bb5 Nc6 13. d5 O-O 14. dxc6
bxc6 15. Bc4+ d5 16. Nxd5 cxd5 17. Bxd5+ Kh8 18. Bg8 Qxd1+ 19. Rxd1 Kxg8 20.
Qe2 Be6 21. Qa6 Bf7 22. h4 Ne5 23. b3 Rac8 24. Qxa7 Nd3+ 25. Kb1 Nxf2 26. Rd7
Ng4 27. Be7 Rfe8 28. Bb4 Nh6 29. a4 e3 30. a5 e2 31. a6 e1=Q+ 32. Bxe1 Rxe1+
33. Kb2 Re2 34. Qb7 Rexc2+ 35. Ka3 Rf8 36. a7 Rcc8 37. Rc7 Ra8 38. Qb6 Ng4 39.
Rb7 Nf6 40. Rb8 Bd5 41. Rxf8+ Rxf8 42. Kb4 h6 43. Qb8 f4 44. Kc5 Bxg2 45. Kc4
g5 46. hxg5 hxg5 47. b4 Kg7 48. b5 f3 0-1

[Event "ch-FRA Blitz Online Qual"]
[Site "Europe-Chess INT"]
[Date "2020.05.16"]
[Round "14"]
[White "Afraoui, Anaelle"]
[Black "Rodriguez Rodriguez, A.."]
[Result "1-0"]
[WhiteElo "2120"]
[BlackElo "2112"]
[PlyCount "77"]
[EventDate "2020.05.16"]
[EventType "swiss (blitz)"]
[EventRounds "15"]
[SourceTitle "Updates"]
[Source "OMCORR"]
[SourceDate "2020.11.02"]
[SourceVersion "1"]
[SourceVersionDate "2020.11.02"]
[SourceQuality "1"]

1. e4 e5 2. Nf3 d5 3. exd5 e4 4. Nd4 Qxd5 5. Nb3 Nf6 6. Nc3 Qe5 7. Be2 Nc6 8.
d3 Bf5 9. dxe4 Rd8 10. Bd3 Nxe4 11. Nxe4 Bxe4 12. O-O Bd6 13. f4 Bc5+ 14. Kh1
Bxg2+ 15. Kxg2 Qd5+ 16. Qf3 O-O 17. Qxd5 Rxd5 18. Nxc5 Rxc5 19. Be3 Rd5 20. Be4
Rb5 21. Bxc6 bxc6 22. b3 a5 23. a4 Rd5 24. Rad1 Re8 25. Rxd5 cxd5 26. Kf3 f5
27. Rd1 c6 28. Bb6 Ra8 29. Re1 Kf7 30. Bc5 h6 31. Re7+ Kg6 32. Re6+ Kf7 33.
Rxc6 g6 34. Bd4 Re8 35. Be5 Ra8 36. Rc5 Ke6 37. Rc6+ Kf7 38. Rf6+ Ke7 39. Rxg6
1-0

[Event "ch-FRA Blitz Online Qual"]
[Site "Europe-Chess INT"]
[Date "2020.05.16"]
[Round "14"]
[White "Lebrun, Leo"]
[Black "Frazao, Thomas"]
[Result "0-1"]
[WhiteElo "1441"]
[BlackElo "1719"]
[PlyCount "150"]
[EventDate "2020.05.16"]
[EventType "swiss (blitz)"]
[EventRounds "15"]
[SourceTitle "The Week in Chess 1333"]
[Source "Mark Crowther"]
[SourceDate "2020.05.25"]
[SourceVersion "1"]
[SourceVersionDate "2020.05.25"]
[SourceQuality "2"]

1. e4 e5 2. Nf3 d5 3. exd5 e4 4. Nd4 Qxd5 5. c3 Bc5 6. Qb3 Qxb3 7. Nxb3 Bb6 8.
d3 exd3 9. Bxd3 Nf6 10. O-O O-O 11. Bf4 Nc6 12. N1d2 Be6 13. Ne4 Nxe4 14. Bxe4
Rfe8 15. Rfe1 Re7 16. Rad1 Rae8 17. Bxc6 bxc6 18. Be3 Bxb3 19. axb3 h6 20. Kf1
Kh7 21. Bxb6 cxb6 22. Rxe7 Rxe7 23. Rd6 c5 24. b4 cxb4 25. cxb4 g6 26. g3 h5
27. h4 Kg7 28. Rc6 Re4 29. Rc7 Rxb4 30. Rxa7 Rxb2 31. Rb7 Kf6 32. Kg2 b5 33.
Kf3 b4 34. Rb6+ Ke5 35. Rb7 Kf6 36. Rb6+ Kg7 37. Kg2 b3 38. Rb7 Rb1 39. Kf3 b2
40. Kg2 Kf6 41. Rb6+ Ke5 42. Kf3 Kd4 43. Ke2 Kc3 44. Rc6+ Kb3 45. Rb6+ Ka2 46.
Ra6+ Kb3 47. Rb6+ Kc3 48. Rc6+ Kd4 49. Rb6 f6 50. Kd2 Rf1 51. Rb4+ Kc5 52. Rxb2
Rxf2+ 53. Kc3 Rxb2 54. Kxb2 Kd4 55. Kc2 Ke3 56. Kc3 Kf3 57. Kd4 Kxg3 58. Ke4
f5+ 59. Ke5 f4 60. Ke4 f3 61. Ke3 Kg2 62. Kf4 f2 63. Kg5 f1=Q 64. Kh6 Qf4+ 65.
Kh7 Qxh4 66. Kh6 Qf4+ 67. Kh7 h4 68. Kg7 h3 69. Kh7 h2 70. Kg7 h1=Q 71. Kg8
Qb8+ 72. Kg7 Qhh8+ 73. Kxg6 Qb6+ 74. Kf7 Qh7+ 75. Kf8 Qb8# 0-1

[Event "ch-FRA Blitz Online Qual"]
[Site "Europe-Chess INT"]
[Date "2020.05.16"]
[Round "14"]
[White "Gheorghin, Felix"]
[Black "Duranton, Paul"]
[Result "0-1"]
[WhiteElo "1310"]
[BlackElo "1203"]
[PlyCount "30"]
[EventDate "2020.05.16"]
[EventType "swiss (blitz)"]
[EventRounds "15"]
[SourceTitle "The Week in Chess 1333"]
[Source "Mark Crowther"]
[SourceDate "2020.05.25"]
[SourceVersion "1"]
[SourceVersionDate "2020.05.25"]
[SourceQuality "2"]

1. e4 e5 2. Nf3 d5 3. exd5 e4 4. Bb5+ c6 5. dxc6 bxc6 6. Bc4 exf3 7. Qxf3 Qe7+
8. Kd1 Nf6 9. h3 g5 10. d3 g4 11. Qf4 gxh3 12. Rxh3 Bxh3 13. gxh3 Rg8 14. Bd2
Rg1+ 15. Be1 Qxe1# 0-1

[Event "ch-FRA Blitz Online Qual"]
[Site "Europe-Chess INT"]
[Date "2020.05.16"]
[Round "12"]
[White "Berger Dit Lacroix, Kilian"]
[Black "Frazao, Thomas"]
[Result "1-0"]
[WhiteElo "2129"]
[BlackElo "1719"]
[PlyCount "115"]
[EventDate "2020.05.16"]
[EventType "swiss (blitz)"]
[EventRounds "15"]
[SourceTitle "The Week in Chess 1333"]
[Source "Mark Crowther"]
[SourceDate "2020.05.25"]
[SourceVersion "1"]
[SourceVersionDate "2020.05.25"]
[SourceQuality "2"]

1. e4 e5 2. Nf3 d5 3. d4 dxe4 4. Nxe5 Bd6 5. Nc4 Nf6 6. Nc3 O-O 7. Bg5 Be7 8.
Be2 Bf5 9. O-O h6 10. Bh4 Nbd7 11. Re1 Nb6 12. a4 Nxc4 13. Bxc4 c6 14. a5 b5
15. axb6 axb6 16. Rxa8 Qxa8 17. Bxf6 Bxf6 18. Nxe4 Bxe4 19. Rxe4 Re8 20. Rxe8+
Qxe8 21. c3 Qd7 22. Qf3 Kf8 23. g3 Ke7 24. Qe4+ Kd8 25. Qf4 Ke7 26. Qb8 b5 27.
Bf1 Qe6 28. h4 Qb3 29. Qc7+ Ke8 30. Qxc6+ Ke7 31. Qc5+ Ke8 32. Bxb5+ Kd8 33.
Qd6+ Kc8 34. Bd7+ Kb7 35. Qc6+ Ka7 36. Qc7+ Qb7 37. Qxb7+ Kxb7 38. Be8 Kb6 39.
Bxf7 Be7 40. f4 Kb5 41. Kf2 Ka4 42. Ke3 Kb5 43. Ke4 Kc6 44. Ke5 Bd6+ 45. Ke6
Bf8 46. Be8+ Kb6 47. Kf7 Bd6 48. Kxg7 Ka5 49. Kxh6 Kb6 50. Kg6 Kc7 51. h5 Kd8
52. Bf7 Ke7 53. h6 Bc7 54. h7 Bb6 55. h8=Q Bxd4 56. Qe8+ Kd6 57. Qe6+ Kc5 58.
Qc4+ 1-0

[Event "ch-FRA Blitz Online Qual"]
[Site "Europe-Chess INT"]
[Date "2020.05.16"]
[Round "12"]
[White "Nguyen, Thao Nhi"]
[Black "Rodriguez Rodriguez, A.."]
[Result "1-0"]
[WhiteElo "1951"]
[BlackElo "2112"]
[PlyCount "137"]
[EventDate "2020.05.16"]
[EventType "swiss (blitz)"]
[EventRounds "15"]
[SourceTitle "Updates"]
[Source "OMCORR"]
[SourceDate "2020.11.02"]
[SourceVersion "1"]
[SourceVersionDate "2020.11.02"]
[SourceQuality "1"]

1. e4 e5 2. Nf3 d5 3. exd5 e4 4. Nd4 Qxd5 5. Nb3 Nf6 6. d3 Nc6 7. Nc3 Bb4 8.
Bd2 Bxc3 9. Bxc3 Bg4 10. Qd2 O-O-O 11. h3 Bh5 12. d4 Rhe8 13. Be2 e3 14. fxe3
Qxg2 15. Bg4+ Nxg4 16. Qxg2 Nxe3 17. Qg5 Bg6 18. Kf2 Nxc2 19. Rad1 f6 20. Qg4+
f5 21. Qf4 Re4 22. Qg5 Rde8 23. Rd2 Ne3 24. Qg3 f4 25. Qg5 Ne7 26. Nc5 h6 27.
Qg1 Bh5 28. Nxe4 N7f5 29. Qc1 Rxe4 30. d5 Ng3 31. Rg1 Re8 32. Rxg3 fxg3+ 33.
Kxg3 Nf5+ 34. Kf2 g5 35. Bb4 Nh4 36. Ba5 Rf8+ 37. Kg1 Rf7 38. Qc3 Nf3+ 39. Kg2
Nxd2 40. Qh8+ Kd7 41. Qe5 b6 42. Qe6+ Kd8 43. Bxd2 Re7 44. Qg8+ Kd7 45. Qh8
Re2+ 46. Kg3 Rxd2 47. Qg7+ Kd6 48. Qxh6+ Kc5 49. Qxh5 Rxd5 50. Qf3 Kc4 51. Qc3+
Kb5 52. a4+ Kxa4 53. Qc4+ Ka5 54. Qxd5+ c5 55. Qa2+ Kb4 56. Qa3+ Kb5 57. Qd3+
Kb4 58. Kg4 b5 59. Kxg5 c4 60. Qc3+ Kc5 61. h4 b4 62. Qe5+ Kc6 63. h5 a5 64. h6
a4 65. h7 a3 66. bxa3 bxa3 67. h8=Q a2 68. Qc8+ Kb6 69. Qec5# 1-0